000 00193 a2200097 4500
020 _a9781562709372
041 _aspa
100 _aAdria Klein
245 _aPuedo hacer muchas cosas
942 _cBK
999 _c29189
_d29187